| 000 | 00000nam##2200000za#4500 |
| 001 | 9.639349 |
| 003 | CaOODSP |
| 005 | 20220328113316 |
| 007 | cr ||||||||||| |
| 008 | 150407|1996||||xxc|||||o f|0| 0 fre|d |
| 040 | |aCaOODSP|bfre |
| 043 | |an-cn--- |
| 086 | 1 |aC28-2/15-1999F-PDF |
| 110 | 1 |aCanada. |bIndustrie Canada. |
| 245 | 10|aPrêts aux petites entreprises commerciales |h[ressource électronique] |
| 260 | |aOttawa - Ontario : |bIndustrie Canada |cOctobre 1996. |
| 300 | |a2p. |
| 590 | |a11-28-Supp|b2011-11-17 |
| 691 | 07|aEntrepreneuriat|2gcpds |
| 691 | 07|aPetite entreprise|2gcpds |
| 691 | 07|aPrêt à l'entreprise|2gcpds |
| 775 | 08|tLoans for small business enterprises |w(CaOODSP)9.695203 |
| 776 | 0#|tLoans for small business enterprises |w(CaOODSP)9.660915 |
| 776 | 0#|tPrêts aux petites entreprises commerciales |w(CaOODSP)9.660916 |
| 856 | 40|ahttp://publications.gc.ca|qPDF|s157 Ko|uhttps://publications.gc.ca/collections/Collection/C28-2-15-1999F.pdf |